000 00566nam a2200205Ia 4500
005 20250508150149.0
008 008 250505s9999 xx 000 0 eng d
037 _aTextual
040 _aFEDL
_beng
_cFEDL
041 _aeng
_2eng
084 _a150.195, HOR
_qFEDL
100 _aHorney Karen
_910618
245 0 _aNew ways in psychoanalysis
260 _aLondon, UK
_bKegan Paul, Trench, Trubner and Co. Ltd
_c1939
300 _a313p
365 _aINR
_b18
650 _aPsychology
942 _cTEXL
_h150.195, HOR
999 _c1322123
_d1322123